Summer people

Bibliographic Details
Main Author: Piercy, Marge
Format: Book
Published: New York : Summit Books , 1989

MARC

LEADER 00000cam a2200000 7i4500
001 0000000707
002 000000803
005 20000330.0
020 |a 0671678566 
090 0 0 |a F   |b PIE 
100 1 |a Piercy, Marge 
245 1 0 |a Summer people   |c Marge Piercy 
260 |a New York :   |b Summit Books ,   |c 1989 
300 |a 545p. ;   |c 22cm. 
999 |a 029929   |b BUKU   |c PINJAMAN   |e PERPUSTAKAAN KOMUNITI PETALING JAYA